| Tag |
First Indicator |
Second Indicator |
Subfields |
| LEADER |
00000cam a2200000 4500 |
| 001 |
in00000045181 |
| 005 |
20151007071127.0 |
| 008 |
761007s1966 nyua 00000 eng |
| 010 |
|
|
|a 65021758
|
| 035 |
|
|
|a (OCoLC)02487769
|
| 035 |
|
|
|9 AAE5365AM
|
| 040 |
|
|
|a DLC
|c SUC
|d TXA
|d UtOrBLW
|
| 049 |
|
|
|a TXAM
|c [455944]
|
| 050 |
0 |
0 |
|a QC6
|b .M3285
|
| 082 |
0 |
|
|a 530.11
|
| 092 |
|
|
|a 530.11
|b M271r, 1966
|
| 100 |
1 |
|
|a Mandelker, Jakob.
|
| 245 |
1 |
0 |
|a Relativity and the new energy mechanics.
|
| 264 |
|
1 |
|a New York :
|b Philosophical Library,
|c [1966]
|
| 300 |
|
|
|a xii, 84 pages :
|b illustrations ;
|c 22 cm.
|
| 336 |
|
|
|a text
|b txt
|2 rdacontent
|
| 337 |
|
|
|a unmediated
|b n
|2 rdamedia
|
| 338 |
|
|
|a volume
|b nc
|2 rdacarrier
|
| 650 |
|
0 |
|a Relativity (Physics)
|
| 650 |
|
0 |
|a Force and energy.
|
| 650 |
|
0 |
|a Matter.
|
| 999 |
|
|
|a MARS
|
| 999 |
f |
f |
|s af11f98c-1ae4-3d54-96c1-6fd196924ceb
|i 2c55ba09-3203-3655-bf80-d83134082a1e
|t 0
|
| 952 |
f |
f |
|p ric
|a Texas A&M University
|b Rellis Campus
|c Joint Library Facility
|d Remote Storage
|t 0
|e QC6 .M3285
|h Library of Congress classification
|i unmediated -- volume
|m A14800909617
|
| 998 |
f |
f |
|a QC6 .M3285
|t 0
|l Remote Storage
|